Guess the country by the badly drawn flag - Statistics

General Stats
  • This quiz has been taken 59 times
  • The average score is 17 of 21
Answer Stats
Picture Answer % Correct
united states
100%
india
98%
brazil
84%
slovenia
84%
albania
82%
angola
82%
iran
82%
mexico
82%
new zealand
82%
vietnam
82%
bosnia
80%
morocco
80%
bhutan
78%
singapore
78%
iraq
76%
phillippines
76%
afghanistan
73%
haiti
71%
eswatini
69%
kiribati
67%
saint lucia
67%
No matching quizzes found
Score Distribution
Percent of People with Each Score
Percentile by Number Answered
Your Score History
You have not taken this quiz